Grammaire progressive du Français avec 600 exercices

Gespeichert in:
Bibliographische Detailangaben
1. Verfasser: Grégoire, Maia
Weitere Verfasser: Thiévenaz, Odile
Format: Buch
Sprache:Französisch
Veröffentlicht: Paris CLE international 2003
Ausgabe:nouvelle édition
Schlagworte:
Tags: Tag hinzufügen
Keine Tags, Fügen Sie das erste Tag hinzu!

MARC

LEADER 00000nam a2200000 4500
001 0127770
005 20240315120704.0
020 |a 209-033848-2 
041 0 |a fre 
044 |a FR 
245 1 0 |a Grammaire progressive du Français  |b avec 600 exercices  |c Maia Grégoire, Odile Thiévenaz avec la collaboration de Elisabeth Franco et Alina Kostucki 
250 |a nouvelle édition 
264 1 |a Paris  |b CLE international  |c 2003 
300 |a 271 s. 
610 2 0 |a gramatika 
610 2 0 |a francúzština 
610 2 0 |a jazyky cudzie 
610 2 0 |a jazykoveda 
610 2 0 |a terminológia 
100 1 |a Grégoire, Maia 
700 1 |a Thiévenaz, Odile